| 000 | 00810nam a2200265Ia 4500 | ||
|---|---|---|---|
| 001 | Z_1348 | ||
| 003 | CHAP | ||
| 008 | 220113s1980 xx 000 0 und d | ||
| 010 | _a164436 | ||
| 040 | _cCHAP | ||
| 090 | _aTesis R 163 | ||
| 100 |
_aRivera Reyes, J. Guadalupe _997734 |
||
| 245 |
_aIntroducción y evaluación de gramíneas forrajeras en la Sabana de Huimanguillo, Tabasco / _cpor J. Guadalupe Rivera Reyes |
||
| 260 |
_aH. Cárdenas, Tab. : _bEl autor, _c1980 |
||
| 300 | _a96 h. | ||
| 502 | _aTesis (M.C. en Producción Animal) -- Colegio Superior de Agricultura Tropical. Rama de Ciencia animal | ||
| 650 |
_aGramíneas _xTabasco _950291 |
||
| 650 |
_aPastos forrajeros _986094 |
||
| 901 | _aTESIS R 163 | ||
| 902 | _aM | ||
| 910 | _a1980 | ||
| 942 | _c2 | ||
| 942 | _c2 | ||
| 999 |
_c164436 _d164436 |
||